000 00435nam a2200157Ia 4500
008 090711s9999 xx 000 0 und d
082 _b78217
100 _aकेळकर ग. म.
245 _aन्यारा संत
260 _c1995
600 _aकेळकर ग. म.
630 _aन्यारा संत
700 _aकेळकर ग. म.
730 _aन्यारा संत
942 _cBOOK
999 _c325990
_d325990